<?xml version="1.0" encoding="UTF-8"?><?xml-stylesheet type="text/xsl" href="static/style.xsl"?><OAI-PMH xmlns="http://www.openarchives.org/OAI/2.0/" xmlns:xsi="http://www.w3.org/2001/XMLSchema-instance" xsi:schemaLocation="http://www.openarchives.org/OAI/2.0/ http://www.openarchives.org/OAI/2.0/OAI-PMH.xsd"><responseDate>2026-06-04T05:00:51Z</responseDate><request verb="GetRecord" identifier="oai:recam.amb.cat:20.500.14439/2175" metadataPrefix="marc">https://recam.amb.cat/rest/oai/request</request><GetRecord><record><header><identifier>oai:recam.amb.cat:20.500.14439/2175</identifier><datestamp>2024-12-08T18:12:56Z</datestamp><setSpec>com_20.500.14439_2794</setSpec><setSpec>com_20.500.14439_113</setSpec><setSpec>col_20.500.14439_4199</setSpec></header><metadata><record xmlns="http://www.loc.gov/MARC21/slim" xmlns:dcterms="http://purl.org/dc/terms/" xmlns:xsi="http://www.w3.org/2001/XMLSchema-instance" xmlns:doc="http://www.lyncode.com/xoai" xsi:schemaLocation="http://www.loc.gov/MARC21/slim http://www.loc.gov/standards/marcxml/schema/MARC21slim.xsd">
   <leader>00925njm 22002777a 4500</leader>
   <datafield ind2=" " ind1=" " tag="042">
      <subfield code="a">dc</subfield>
   </datafield>
   <datafield ind2=" " ind1=" " tag="720">
      <subfield code="a">Institut d'Estudis Regionals i Metropolitans de Barcelona</subfield>
      <subfield code="e">author</subfield>
   </datafield>
   <datafield ind2=" " ind1=" " tag="260">
      <subfield code="c">2018-04-01</subfield>
   </datafield>
   <datafield ind2=" " ind1=" " tag="520">
      <subfield code="a">La intenció d’aquesta publicació és oferir noves reflexions que són fruit de les recerques més recents dutes a terme al llarg de l’any 2017 pels equips de l’IERMB. Aquest volum està format per 15 capítols, reflexions rigoroses sobre múltiples aspectes de la nostra metròpoli. Es tracta d’estudis que ens permeten accedir a un coneixement actualitzat de les principals dinàmiques socials, econòmiques i ecològiques que configuren avui la Barcelona metropolitana. Són també anàlisis compromeses amb l’entorn que les emmarca i les dota de sentit. Trobareu un ventall de treballs orientats a proveir eines per a la transformació de la realitat, per recórrer el camí on es va construint el dret a la metròpoli, és a dir, la dimensió metropolitana del dret a la ciutat, en les seves múltiples dimensions.</subfield>
   </datafield>
   <datafield ind1="8" ind2=" " tag="024">
      <subfield code="a">9788492940318</subfield>
   </datafield>
   <datafield ind1="8" ind2=" " tag="024">
      <subfield code="a">https://hdl.handle.net/20.500.14439/2175</subfield>
   </datafield>
   <datafield ind1="8" ind2=" " tag="024">
      <subfield code="a">7050801</subfield>
   </datafield>
   <datafield ind1="8" ind2=" " tag="024">
      <subfield code="a">B 13494-2018</subfield>
   </datafield>
   <datafield tag="653" ind2=" " ind1=" ">
      <subfield code="a">Ciutats</subfield>
   </datafield>
   <datafield ind2="0" ind1="0" tag="245">
      <subfield code="a">El dret a la metròpoli</subfield>
   </datafield>
</record></metadata></record></GetRecord></OAI-PMH>